Statistiques concernant Les différents types de rames de Métro

Cliquez ici pour prendre le quiz!

Statistiques générales

  • Ce quiz a été pris 17 fois
  • Le résultat moyen est 8 sur 10

Statistiques - réponses

Type de rames% Correct
MP14
100%
MP89
92%
MF01
83%
MF88
83%
MP05
83%
MP59
83%
MF67
75%
MF77
75%
MP73
75%
MF19
67%

Distribution des résultats

Percentile par nombre de réponses

% des personnes avec chaque résultat

Votre développement - résultats

Vous n’avez pas pris ce quiz